Baby Animal Names - Statistics

General Stats
  • This quiz has been taken 29 times
  • The average score is 8 of 15
Answer Stats
Hint Answer % Correct
Joey Kangaroo or Opossum or Koala
95%
Gosling Goose
84%
Shoat Pig
84%
Farrow Pig
84%
Porcupette Porcupine
79%
Puffling Puffin
68%
Cygnet Swan
63%
Polliwog Toad or Frog
53%
Codling Cod
47%
Cria Alpaca or Llama
26%
Hoglet Hedgehog
26%
Leveret Hare
21%
Puggle Platypus or Echidna
21%
Eyas Hawk
16%
Ephyra Jellyfish
16%
No matching quizzes found
Score Distribution
Percent of People with Each Score
Percentile by Number Answered
Your Score History
You have not taken this quiz